Indian minerals. (Record no. 79134)

MARC details
000 -LEADER
fixed length control field 00807cam a22002171 4500
001 - CONTROL NUMBER
control field sa 68002975
003 - CONTROL NUMBER IDENTIFIER
control field DLC
005 - DATE AND TIME OF LATEST TRANSACTION
control field 20260227112448.0
008 - FIXED-LENGTH DATA ELEMENTS--GENERAL INFORMATION
fixed length control field 710903s1967 ii a 00000 eng
010 ## - LIBRARY OF CONGRESS CONTROL NUMBER
LC control number sa 68002975 //r86
025 ## - OVERSEAS ACQUISITION NUMBER
Overseas acquisition number PL480:I-E-9176
043 ## - GEOGRAPHIC AREA CODE
Geographic area code a-ii---
050 0# - LIBRARY OF CONGRESS CALL NUMBER
Classification number HD9506.I42
Item number I5
082 ## - DEWEY DECIMAL CLASSIFICATION NUMBER
Classification number 338.2/0954
245 00 - TITLE STATEMENT
Title Indian minerals.
Statement of responsibility, etc. [Prepared by the Mineral Economics Division, Indian Bureau of Mines, Ministry of Mines and Metals, Nagpur]
260 0# - PUBLICATION, DISTRIBUTION, ETC.
Place of publication, distribution, etc. New Delhi,
Name of publisher, distributor, etc. Directorate of Commercial Publicity, Ministry of Commerce, Govt. of India
Date of publication, distribution, etc. [1967]
300 ## - PHYSICAL DESCRIPTION
Extent i, 64 p. (p. 51-64 advertisements)
Other physical details illus.
Dimensions 24 cm.
650 #0 - SUBJECT ADDED ENTRY--TOPICAL TERM
Topical term or geographic name entry element Mineral industries
Geographic subdivision India.
650 #0 - SUBJECT ADDED ENTRY--TOPICAL TERM
Topical term or geographic name entry element Mines and mineral resources
Geographic subdivision India.
710 20 - ADDED ENTRY--CORPORATE NAME
Corporate name or jurisdiction name as entry element Indian Bureau of Mines.
Subordinate unit Mineral Economics Division.

No items available.

Powered by Koha